Т. 1; Проблемы геологии и освоения недр

Библиографические подробности
Источник:Проблемы геологии и освоения недр: труды XIV Международного симпозиума имени академика М. А. Усова студентов и молодых ученых, посвященного 65-летию Победы советского народа над фашистской Германией в Великой Отечественной войне 1941-1945 гг., 5-9 апреля 2010 г. г. Томск/ Национальный исследовательский Томский политехнический университет (ТПУ), Институт геологии и нефтегазового дела (ИГНД) ; Общество инженеров-нефтяников, студенческий чаптер ; под ред. В. А. Домаренко. Т. 1.— , 2010
Примечания:Заглавие с титульного экрана
В сборнике отражены проблемы палеонтологии, стратиграфии, тектоники, исторической и ре-гиональной геологии, минералогии, геохимии, петрологии, литологии, полезных ископаемых, металлогении, гидрогеологии, гидрогеохимии, инженерной геологии, геофизики, нефтяной геологии, геоинформационных систем в геологии, разработки нефтяных и газовых месторождений, нефтегазопромыслового оборудования, бурения нефтяных и газовых скважин, техники и технологии добычи, транспорта и хранения нефти и газа, горного дела, технологии и техники разведки месторождений полезных ископаемых, геоэкологии, гидрогеоэкологии, инженерной защиты окружающей среды, комплексного использования минерального сырья, экономики минерального сырья и горного права, опыту и проблемам организации молодежной науки. Публикация сборника трудов XIV Международного научного симпозиума осуществляется при информационной поддержке Федерального агентства по науке и инновациям (Роснаука) и при под-держке Российского фонда фундаментальных исследований (№10-05-06800-моб_г )
Язык:русский
Опубликовано: 2010
Предметы:
Online-ссылка:http://www.lib.tpu.ru/fulltext/c/2010/C11/V1/C11_V1.pdf
Формат: MixedMaterials Электронный ресурс Книга
Запись в KOHA:https://koha.lib.tpu.ru/cgi-bin/koha/opac-detail.pl?biblionumber=231520

MARC

LEADER 00000nlm2a2200000 4500
001 231520
005 20231101231108.0
035 |a (RuTPU)RU\TPU\book\252542 
090 |a 231520 
100 |a 20130201d2010 k y0rusy50 ca 
101 0 |a rus 
102 |a RU 
105 |a a z 101zy 
135 |a arnn ---uucaa 
181 0 |a i  
182 0 |a b 
200 0 |a Т. 1  |b Электронный ресурс 
203 |a Текст  |c электронный 
210 |d 2010 
230 |a 1 компьютерный файл (pdf; 27,5 MB) 
300 |a Заглавие с титульного экрана 
320 |a Библиогр. в конце статей 
330 |a В сборнике отражены проблемы палеонтологии, стратиграфии, тектоники, исторической и ре-гиональной геологии, минералогии, геохимии, петрологии, литологии, полезных ископаемых, металлогении, гидрогеологии, гидрогеохимии, инженерной геологии, геофизики, нефтяной геологии, геоинформационных систем в геологии, разработки нефтяных и газовых месторождений, нефтегазопромыслового оборудования, бурения нефтяных и газовых скважин, техники и технологии добычи, транспорта и хранения нефти и газа, горного дела, технологии и техники разведки месторождений полезных ископаемых, геоэкологии, гидрогеоэкологии, инженерной защиты окружающей среды, комплексного использования минерального сырья, экономики минерального сырья и горного права, опыту и проблемам организации молодежной науки. Публикация сборника трудов XIV Международного научного симпозиума осуществляется при информационной поддержке Федерального агентства по науке и инновациям (Роснаука) и при под-держке Российского фонда фундаментальных исследований (№10-05-06800-моб_г ) 
337 |a Adobe Reader 
452 1 |0 (RuTPU)RU\TPU\book\205106  |y 978-5-98298-730-3  |t Т. 1  |d 2010  |p 578 с. 
461 1 |0 (RuTPU)RU\TPU\book\252539  |t Проблемы геологии и освоения недр  |o труды XIV Международного симпозиума имени академика М. А. Усова студентов и молодых ученых, посвященного 65-летию Победы советского народа над фашистской Германией в Великой Отечественной войне 1941-1945 гг., 5-9 апреля 2010 г. г. Томск  |o в 2 т.  |f Национальный исследовательский Томский политехнический университет (ТПУ), Институт геологии и нефтегазового дела (ИГНД) ; Общество инженеров-нефтяников, студенческий чаптер ; под ред. В. А. Домаренко  |v Т. 1  |d 2010 
606 |a Геология  |2 stltpush  |3 (RuTPU)RU\TPU\subj\6095  |9 34054 
610 1 |a конференции 
610 1 |a труды учёных ТПУ 
610 1 |a электронный ресурс 
610 1 |a недра 
610 1 |a освоение 
610 1 |a научные труды 
610 1 |a международные симпозиумы 
610 1 |a палеонтология 
610 1 |a стратиграфия 
610 1 |a региональная геология 
610 1 |a минералогия 
610 1 |a геохимия 
610 1 |a петрография 
610 1 |a месторождения полезных ископаемых 
610 1 |a поиски 
610 1 |a разведка 
610 1 |a гидрогеология 
610 1 |a инженерная геология 
610 1 |a гидрогеохимия 
610 1 |a гидрогеоэкология 
610 1 |a геофизические методы 
610 1 |a нефть 
610 1 |a газ 
610 1 |a геоинформационные системы 
610 1 |a землеустройство 
675 |a 55(063)  |v 3 
801 2 |a RU  |b 63413507  |c 20131017  |g RCR 
856 4 |u http://www.lib.tpu.ru/fulltext/c/2010/C11/V1/C11_V1.pdf 
942 |c CF